Alternatives in agricultural development (Record no. 10605)
[ view plain ]
| 000 -LEADER | |
|---|---|
| fixed length control field | 00413nam a2200145Ia 4500 |
| 082 ## - DEWEY DECIMAL CLASSIFICATION NUMBER | |
| Classification number | 338.10954 ALT; |
| 245 #0 - TITLE STATEMENT | |
| Title | Alternatives in agricultural development |
| 260 ## - PUBLICATION, DISTRIBUTION, ETC. (IMPRINT) | |
| Place of publication | Bombay |
| Name of publisher | Allied Publishers |
| Year of publication | 1980 |
| 300 ## - PHYSICAL DESCRIPTION | |
| Number of Pages | 136p. |
| 504 ## - BIBLIOGRAPHY, ETC. NOTE | |
| Bibliography, etc | Includes index |
| 650 ## - SUBJECT ADDED ENTRY--TOPICAL TERM | |
| Topical Term | Agriculture - Economic aspects - India |
| 650 ## - SUBJECT ADDED ENTRY--TOPICAL TERM | |
| Topical Term | Agricultural productivity - India |
| 650 ## - SUBJECT ADDED ENTRY--TOPICAL TERM | |
| Topical Term | Economic development - India |
| 942 ## - ADDED ENTRY ELEMENTS (KOHA) | |
| Koha item type | Books |
| Withdrawn status | Lost status | Damaged status | Not for loan | Home library | Current library | Date acquired | Full call number | Accession Number | Price effective from | Koha item type | Bill Date |
|---|---|---|---|---|---|---|---|---|---|---|---|
| NASSDOC Library | NASSDOC Library | 08/06/2004 | 338.10954 ALT; | 13297 | 18/04/2019 | Books | |||||
| NASSDOC Library | NASSDOC Library | 08/06/2004 | 338.10954 ALT; | 15253 | 18/04/2019 | Books | 2004-10-22 |
